Municipios de la provincia de Teruel - Estadísticas

Estadísticas generales
  • Esta prueba ha sido intentada 245 veces
    162 desde el último reinicio
  • La puntuación promedio es 48 de 236
Estadísticas de respuestas
Comarca Nombre del municipio % Correcto
Comunidad de Teruel Teruel
90%
Comunidad de Teruel Alba
87%
Sierra de Albarracín Albarracín
83%
Andorra-Sierra de Arcos Andorra
83%
Bajo Aragón Alcañiz
80%
Jiloca Calamocha
74%
Bajo Aragón Calanda
71%
Gúdar-Javalambre Mora de Rubielos
69%
Gúdar-Javalambre Rubielos de Mora
68%
Gúdar-Javalambre Gúdar
66%
Cuencas Mineras Utrillas
62%
Comunidad de Teruel Cella
60%
Matarraña Calaceite
58%
Jiloca Monreal del Campo
58%
Maestrazgo Cantavieja
57%
Gúdar-Javalambre Sarrión
56%
Matarraña Valderrobres
56%
Comunidad de Teruel Libros
52%
Matarraña Beceite
50%
Bajo Martín Híjar
50%
Bajo Martín La Puebla de Híjar
50%
Bajo Aragón Alcorisa
49%
Maestrazgo Castellote
48%
Cuencas Mineras Escucha
48%
Sierra de Albarracín Frías de Albarracín
48%
Sierra de Albarracín Gea de Albarracín
47%
Sierra de Albarracín Griegos
46%
Maestrazgo Mirambel
46%
Gúdar-Javalambre Mosqueruela
46%
Comunidad de Teruel Ababuj
42%
Gúdar-Javalambre Puertomingalvo
42%
Bajo Aragón Aguaviva
41%
Maestrazgo La Iglesuela del Cid
41%
Bajo Martín Albalate del Arzobispo
38%
Gúdar-Javalambre Fuentes de Rubielos
38%
Cuencas Mineras Montalbán
37%
Comunidad de Teruel Santa Eulalia
37%
Gúdar-Javalambre Valdelinares
36%
Matarraña Cretas
35%
Matarraña La Fresneda
35%
Matarraña Ráfales
35%
Cuencas Mineras La Hoz de la Vieja
33%
Comunidad de Teruel Alfambra
32%
Comunidad de Teruel Cedrillas
31%
Bajo Aragón Castelserás
29%
Gúdar-Javalambre La Puebla de Valverde
29%
Gúdar-Javalambre Alcalá de la Selva
28%
Jiloca Bello
28%
Sierra de Albarracín Bronchales
28%
Jiloca Caminreal
27%
Bajo Martín Samper de Calanda
27%
Gúdar-Javalambre Linares de Mora
26%
Bajo Aragón Mas de las Matas
26%
Jiloca Ojos Negros
26%
Cuencas Mineras Castel de Cabra
24%
Comunidad de Teruel Villel
24%
Cuencas Mineras Martín del Río
23%
Comunidad de Teruel Villastar
23%
Bajo Aragón Foz-Calanda
21%
Bajo Aragón Valdealgorfa
21%
Cuencas Mineras Aliaga
20%
Comunidad de Teruel Galve
20%
Maestrazgo Molinos
20%
Sierra de Albarracín Orihuela del Tremedal
20%
Maestrazgo Allepuz
19%
Andorra-Sierra de Arcos Alloza
19%
Jiloca Báguena
19%
Gúdar-Javalambre Cabra de Mora
19%
Gúdar-Javalambre Manzanera
19%
Gúdar-Javalambre Nogueruelas
19%
Gúdar-Javalambre Olba
19%
Sierra de Albarracín Terriente
19%
Gúdar-Javalambre Albentosa
18%
Jiloca Burbáguena
18%
Andorra-Sierra de Arcos Ejulve
18%
Jiloca Fuentes Claras
18%
Gúdar-Javalambre Valbona
18%
Gúdar-Javalambre Arcos de las Salinas
17%
Maestrazgo Bordón
17%
Gúdar-Javalambre Camarena de la Sierra
17%
Jiloca Cosa
17%
Gúdar-Javalambre Formiche Alto
17%
Cuencas Mineras Mezquita de Jarque
17%
Jiloca Odón
17%
Comunidad de Teruel Pancrudo
17%
Jiloca San Martín del Río
17%
Jiloca Torralba de los Sisones
17%
Sierra de Albarracín Torres de Albarracín
17%
Comunidad de Teruel Villarquemado
17%
Andorra-Sierra de Arcos Ariño
16%
Comunidad de Teruel El Pobo
16%
Andorra-Sierra de Arcos Estercuel
16%
Maestrazgo Fortanete
16%
Comunidad de Teruel Fuentes Calientes
16%
Bajo Aragón La Cerollera
16%
Comunidad de Teruel Orrios
16%
Cuencas Mineras Palomar de Arroyos
16%
Matarraña Peñarroya de Tastavins
16%
Maestrazgo Pitarque
16%
Comunidad de Teruel Torrelacárcel
16%
Jiloca Villafranca del Campo
16%
Bajo Martín Azaila
15%
Sierra de Albarracín Guadalaviar
15%
Comunidad de Teruel Lidón
15%
Matarraña Lledó
15%
Jiloca Loscos
15%
Maestrazgo Miravete de la Sierra
15%
Bajo Aragón Torrecilla de Alcañiz
15%
Gúdar-Javalambre Abejuela
14%
Matarraña Arens de Lledó
14%
Bajo Aragón Berge
14%
Comunidad de Teruel Jorcas
14%
Bajo Aragón La Codoñera
14%
Bajo Aragón La Ginebrosa
14%
Matarraña Monroyo
14%
Gúdar-Javalambre San Agustín
14%
Jiloca Tornos
14%
Maestrazgo Tronchón
14%
Maestrazgo Villarroya de los Pinares
14%
Comunidad de Teruel Aguatón
13%
Comunidad de Teruel Argente
13%
Jiloca Bañón
13%
Sierra de Albarracín Calomarde
13%
Comunidad de Teruel Camarillas
13%
Gúdar-Javalambre El Castellar
13%
Comunidad de Teruel Escorihuela
13%
Matarraña Fuentespalda
13%
Bajo Aragón Las Parras de Castellote
13%
Cuencas Mineras Obón
13%
Andorra-Sierra de Arcos Oliete
13%
Matarraña Torre de Arcas
13%
Jiloca Torrijo del Campo
13%
Maestrazgo Villarluengo
13%
Bajo Martín Vinaceite
13%
Comunidad de Teruel Visiedo
13%
Jiloca Blancas
12%
Comunidad de Teruel Celadas
12%
Andorra-Sierra de Arcos Gargallo
12%
Bajo Aragón La Mata de los Olmos
12%
Cuencas Mineras Muniesa
12%
Sierra de Albarracín Noguera de Albarracín
12%
Sierra de Albarracín Ródenas
12%
Bajo Aragón Seno
12%
Sierra de Albarracín Tramacastilla
12%
Andorra-Sierra de Arcos Crivillén
11%
Comunidad de Teruel Cuevas Labradas
11%
Cuencas Mineras Jarque de la Val
11%
Matarraña Mazaleón
11%
Sierra de Albarracín Monterde de Albarracín
11%
Jiloca Peracense
11%
Comunidad de Teruel Perales del Alfambra
11%
Comunidad de Teruel Rillo
11%
Jiloca Singra
11%
Bajo Martín Urrea de Gaén
11%
Jiloca Bea
10%
Jiloca Bueña
10%
Comunidad de Teruel El Cuervo
10%
Matarraña Fórnoles
10%
Sierra de Albarracín Jabaloyas
10%
Maestrazgo La Cuba
10%
Cuencas Mineras La Zoma
10%
Bajo Aragón Los Olmos
10%
Sierra de Albarracín Moscardón
10%
Comunidad de Teruel Peralejos
10%
Comunidad de Teruel Riodeva
10%
Sierra de Albarracín Royuela
10%
Cuencas Mineras Torre de las Arcas
10%
Gúdar-Javalambre Torrijas
10%
Matarraña Valdeltormo
10%
Matarraña Valjunquera
10%
Jiloca Villar del Salz
10%
Comunidad de Teruel Aguilar del Alfambra
9%
Andorra-Sierra de Arcos Alacón
9%
Cuencas Mineras Alcaine
9%
Jiloca Allueva
9%
Comunidad de Teruel Camañas
9%
Comunidad de Teruel Corbalán
9%
Cuencas Mineras Cortes de Aragón
9%
Sierra de Albarracín El Vallecillo
9%
Jiloca Ferreruela de Huerva
9%
Jiloca Fonfría
9%
Cuencas Mineras Hinojosa de Jarque
9%
Cuencas Mineras Josa
9%
Sierra de Albarracín Rubiales
9%
Sierra de Albarracín Toril y Masegoso
9%
Cuencas Mineras Villanueva del Rebollar de la Sierra
9%
Bajo Aragón Belmonte de San José
8%
Sierra de Albarracín Bezas
8%
Maestrazgo Cañada de Benatanduz
8%
Bajo Aragón La Cañada de Verich
8%
Jiloca Pozuel del Campo
8%
Bajo Aragón Torrevelilla
8%
Sierra de Albarracín Villar del Cobo
8%
Comunidad de Teruel Alobras
7%
Comunidad de Teruel Alpeñés
7%
Cuencas Mineras Anadón
7%
Jiloca Barrachina
7%
Cuencas Mineras Cañizar del Olivar
7%
Comunidad de Teruel Cascante del Río
7%
Comunidad de Teruel Cubla
7%
Bajo Martín Jatiel
7%
Jiloca Lagueruela
7%
Jiloca Lanzuela
7%
Matarraña La Portellada
7%
Comunidad de Teruel Monteagudo del Castillo
7%
Jiloca Rubielos de la Cérida
7%
Matarraña Torre del Compte
7%
Jiloca Torre los Negros
7%
Sierra de Albarracín Valdecuenca
7%
Cuencas Mineras Cuevas de Almudén
6%
Cuencas Mineras Fuenferrada
6%
Cuencas Mineras Huesa del Común
6%
Cuencas Mineras Maicas
6%
Comunidad de Teruel Tramacastiel
6%
Cuencas Mineras Blesa
5%
Jiloca Cucalón
5%
Cuencas Mineras Plou
5%
Sierra de Albarracín Pozondón
5%
Comunidad de Teruel Tormón
5%
Jiloca Torrecilla del Rebollar
5%
Comunidad de Teruel Torremocha de Jiloca
5%
Jiloca Villahermosa del Campo
5%
Cuencas Mineras Vivel del Río Martín
5%
Comunidad de Teruel Almohaja
4%
Comunidad de Teruel Cañada Vellida
4%
Jiloca Castejón de Tornos
4%
Bajo Martín Castelnou
4%
Jiloca Nogueras
4%
Cuencas Mineras Segura de los Baños
4%
Comunidad de Teruel Valacloche
4%
Comunidad de Teruel Veguillas de la Sierra
4%
Jiloca Bádenas
3%
Cuencas Mineras Salcedillo
3%
Sierra de Albarracín Saldón
3%
Jiloca Monforte de Moyuela
2%
Jiloca Santa Cruz de Nogueras
1%
No se encontraron pruebas coincidentes
Distribución de puntuación
Porcentaje de gente con cada puntuación
Porcentaje por número respondido
Historial de tus puntuaciones
No has intentado esta prueba desde el último reinicio